01189nam a22002297a 4500008004100000020001800041040000800059041000800067050002000075245006800095250004000163260008200203300004700285490001100332520038200343650003500725650003800760700004500798942000800843952009300851999001500944250408b |||||||| |||| 00| 0 eng d a9780241694176 ctbs aeng aQ335b.S56 2024 aSimply AIb: facts made fastc/ contributor, Dr. Claire Quigley aSecond edition. bAmerican edition. aNew York, NYb: DK Publishing, a division of Penguin Random House LLC,c2024. a160 pages :bcolor illustrations ;c22 cm. aSimply aCovering a broad range of fields within AI - from computing and mathematics to politics and philosophy - entries demystify what artificial intelligence is and how it works, how it has dramatically changed how we live, and how it might evolve in the future. Everyone is talking about AI, but this book helps to explain each individual aspect of AI more clearly than ever before. 0aArtificial Intelligence914147 0aComputational intelligence925147 aQuigley, ClairecPhD925148econtributor 2lcc 00102lcc4070aTBSbTBSd2025-04-08l0oQ335 QUIpB05893r2025-04-08t1w2025-04-08y1 c4638d4638